Fr. Conceicao Rodrigues College of Engineering

Manufacturing Engineering and Technology (Record no. 36142)

MARC details
000 -LEADER
fixed length control field 00385nam a22001577a 4500
003 - CONTROL NUMBER IDENTIFIER
control field OSt
005 - DATE AND TIME OF LATEST TRANSACTION
control field 20250227105550.0
007 - PHYSICAL DESCRIPTION FIXED FIELD--GENERAL INFORMATION
fixed length control field 1312 pages
008 - FIXED-LENGTH DATA ELEMENTS--GENERAL INFORMATION
fixed length control field 250227b |||||||| |||| 00| 0 eng d
020 ## - INTERNATIONAL STANDARD BOOK NUMBER
International Standard Book Number 9789357052450
040 ## - CATALOGING SOURCE
Transcribing agency
082 ## - DEWEY DECIMAL CLASSIFICATION NUMBER
Classification number 670.42
Item number KAL
245 ## - TITLE STATEMENT
Title Manufacturing Engineering and Technology
Statement of responsibility, etc. Kalpakjain,Steven
260 ## - PUBLICATION, DISTRIBUTION, ETC.
Name of publisher, distributor, etc. Pearson
Date of publication, distribution, etc. 2023
942 ## - ADDED ENTRY ELEMENTS (KOHA)
Source of classification or shelving scheme Dewey Decimal Classification
Koha item type BOOK
Suppress in OPAC No
Holdings
Withdrawn status Lost status Source of classification or shelving scheme Damaged status Not for loan Collection Home library Current library Date acquired Cost, normal purchase price Inventory number Total Checkouts Full call number Barcode Date last seen Price effective from Koha item type
    Dewey Decimal Classification     MECHANICAL Fr. Agnel's C.Rodrigues College of Engineering Fr. Agnel's C.Rodrigues College of Engineering 27/02/2025 1335.00 LIBS00957 dt 25/01/2025   670.42/KAL 26620 27/02/2025 27/02/2025 BOOK